[Event "Gourmets of the King's Gambit "]
[Site "SchemingMind.com"]
[Date "2008.06.05"]
[Round "-"]
[White "lemmie"]
[Black "Clive Everill"]
[Result "1/2-1/2"]
[WhiteCountry "NED"]
[BlackCountry "CZE"]
[WhiteElo "1755"]
[WhiteRD "56"]
[BlackElo "1684"]
[BlackRD "48"]
[GameID "157989"]

1. e4 e5 2. f4 exf4 3. d3 d5 4. exd5 Qxd5 5. Bxf4 Nf6 6. Bxc7 Bd6 7. Bxd6 Qxd6 8. Nc3 O-O 9. Nf3 Re8+ 10. Be2 Bg4
11. O-O Nc6 12. h3 Bd7 13. Nb5 Qf4 14. Nc3 Qg3 15. Nd2 Bxh3 16. Rf2 Bd7 17. Nde4 Nxe4 18. Nxe4 Qe5 19. b3 Nd4 20. c3 Nxe2+
21. Rxe2 Bg4 22. Nf6+ Qxf6 23. Rxe8+ Rxe8 24. Qxg4 Qxc3 25. Rd1 Re1+ 26. Rxe1 Qxe1+ 27. Kh2 Qe5+ 28. Kh1 g6 29. Qc8+= Kg7 30. Qxb7 Qa1+
31. Kh2 Qxa2 32. d4 Qa3 33. d5 Qd6+ 34. g3 a5 35. Qc6 Qe5 36. d6 Qe2+ 37. Kh3 Qf1+ 38. Kh2 Qe2+=
1/2-1/2

[Event "Gourmets of the King's Gambit "]
[Site "SchemingMind.com"]
[Date "2008.06.05"]
[Round "-"]
[White "Clive Everill"]
[Black "lemmie"]
[Result "1-0"]
[WhiteCountry "CZE"]
[BlackCountry "NED"]
[WhiteElo "1684"]
[WhiteRD "48"]
[BlackElo "1755"]
[BlackRD "56"]
[GameID "157990"]

1. e4 e5 2. f4 d5 3. exd5 e4 4. d3 Nf6 5. dxe4 Nxe4 6. Nf3 Bc5 7. Qe2 Bf5 8. Nc3 Qe7 9. Be3 Nxc3 10. Bxc5 Nxe2
11. Bxe7 Nxf4 12. Ba3 Nxd5 13. O-O-O Ne3 14. Re1 Nc6 15. Rxe3+ Be6 16. Bc4 O-O-O 17. Bxe6+ fxe6 18. Rxe6 Nd4 19. Nxd4 Rxd4 20. Rhe1 Rhd8
21. b3 b6 22. Re7 Rg4 23. g3 h5 24. Bb2 g6 25. Bf6 Rd6 26. Re8+ Kb7 27. Be5 Rd7 28. c4 Rg5 29. h4 Rf5 30. Bf4 Rf6
31. R8e7 Rxe7 32. Rxe7 Rc6 33. Kc2 a5 34. a4 Kc8 35. Kc3 Kd8 36. Rg7 Kc8 37. b4 axb4+ 38. Kxb4 Kb7 39. Bxc7 Rxc7 40. Rxc7+ Kxc7
41. Kb5 Kb7 42. a5 bxa5 43. Kxa5 Kc6 44. Kb4 Kd6 45. Kb5 Kd7 46. Kb6 Ke6 47. c5 Kf5 48. c6 Kg4 49. c7 Kxg3 50. c8=Q Kxh4
51. Qc4+ Kg3 52. Qe4 g5 53. Qe5+ Kh4 54. Qf5 g4 55. Qf4 Kh3 56. Kc5 h4 57. Qf5 Kg3 58. Kd4 h3 59. Qd3+ Kh2 60. Qe2+ Kg3
61. Ke4 h2 62. Qe1+ Kh3 63. Kf4 Kg2 64. Qg3+ Kh1 65. Qf2 g3 66. Qf1#
1-0

[Event "Gourmets of the King's Gambit "]
[Site "SchemingMind.com"]
[Date "2008.06.06"]
[Round "-"]
[White "Raimondi"]
[Black "Clive Everill"]
[Result "1-0"]
[WhiteCountry "PER"]
[BlackCountry "CZE"]
[WhiteElo "1689"]
[WhiteRD "61"]
[BlackElo "1684"]
[BlackRD "48"]
[GameID "158179"]

1. e4 e5 2. f4 exf4 3. Nf3 d6 4. Bc4 h6 5. d4 g5 6. Nc3 Bg7 7. h4 Bg4 8. hxg5 hxg5 9. Rf1 Nc6 10. Qd3 Nb4
11. Qd2 Bxf3 12. gxf3 Nf6 13. Qg2 Nh5 14. Rh1 Bxd4 15. Qd2 Be5 16. a3 Nc6 17. Qd5 Qf6 18. Bd2 Nd4 19. O-O-O Nxf3 20. Qxb7 Qd8
21. Nd5 Bxb2+ 22. Qxb2 Rh6 23. Ba5 Rb8 24. Nxc7+ Kd7 25. Bb5+ Rxb5 26. Qxb5+ Kc8 27. Qa6+ Kb8 28. Rd5 Qxc7 29. Rb5+
1-0

[Event "Gourmets of the King's Gambit "]
[Site "SchemingMind.com"]
[Date "2008.06.06"]
[Round "-"]
[White "Raimondi"]
[Black "lemmie"]
[Result "0-1"]
[WhiteCountry "PER"]
[BlackCountry "NED"]
[WhiteElo "1689"]
[WhiteRD "61"]
[BlackElo "1755"]
[BlackRD "56"]
[GameID "158180"]

1. e4 e5 2. f4 d5 3. exd5 e4 4. d3 exd3 5. Qxd3 Bc5 6. Nf3 Qe7+ 7. Be2 Nf6 8. Nc3 O-O 9. Bd2 Rd8 10. O-O-O Na6
11. a3 c6 12. Ne5 Nc7 13. Qf3 Ncxd5 14. Bc4 Qc7 15. Ne4 Nxe4 16. Qxe4 Be6 17. g4 b5 18. Bb3 Bd6 19. h4 a5 20. f5 Nf6
21. Qxc6 Bxb3 22. cxb3 Bxe5 23. Qxc7 Bxc7 24. g5 Nh5 25. Rdg1 Rac8 26. Rg2 Ng3 27. Rh3 Ne4 28. Bc3 Be5 29. Rc2 Bf4+ 30. Kb1 b4
31. axb4 Rd1+ 32. Ka2 axb4
0-1

[Event "Gourmets of the King's Gambit "]
[Site "SchemingMind.com"]
[Date "2008.06.06"]
[Round "-"]
[White "Clive Everill"]
[Black "Raimondi"]
[Result "1-0"]
[WhiteCountry "CZE"]
[BlackCountry "PER"]
[WhiteElo "1684"]
[WhiteRD "48"]
[BlackElo "1689"]
[BlackRD "61"]
[GameID "158181"]

1. e4 e5 2. f4 exf4 3. Nf3 Be7 4. Bc4 Bh4+ 5. Kf1 d5 6. Bxd5 Nf6 7. Nxh4 Nxd5 8. exd5 Qxh4 9. Qe1+ Qxe1+ 10. Kxe1 O-O
11. d3 g5 12. Bd2 Bf5 13. Nc3 Rd8 14. Kf2 Nd7 15. Rae1 Nb6 16. Re5 Bg6 17. h4 f6 18. Re7 Nxd5 19. Nxd5 Rxd5 20. Rxc7 Rb5
21. Bc3 Rf8 22. hxg5 fxg5 23. Rg7+
1-0

[Event "Gourmets of the King's Gambit "]
[Site "SchemingMind.com"]
[Date "2008.06.06"]
[Round "-"]
[White "lemmie"]
[Black "Raimondi"]
[Result "1-0"]
[WhiteCountry "NED"]
[BlackCountry "PER"]
[WhiteElo "1755"]
[WhiteRD "56"]
[BlackElo "1689"]
[BlackRD "61"]
[GameID "158182"]

1. e4 e5 2. f4 exf4 3. d3 Nf6 4. Bxf4 Be7 5. Nf3 d6 6. Be2 Nc6 7. O-O b6 8. c4 Bb7 9. Nc3 O-O 10. Nd5 Nxd5
11. cxd5 Nb8 12. Rc1 f5 13. Nd4 Qd7 14. Nxf5 Na6 15. Bg4 Qe8 16. Nd4 Bf6 17. Ne6 Rf7 18. Bg5 Bxg5 19. Nxg5 Re7 20. Be6+ Kh8
21. Qg4 g6 22. Qh4 Bc8 23. Bf7 Rxf7 24. Nxf7+ Kg7 25. Qf6+ Kg8 26. Qh8#
1-0

[Event "Gourmets of the King's Gambit "]
[Site "SchemingMind.com"]
[Date "2008.06.07"]
[Round "-"]
[White "matizccc"]
[Black "Raimondi"]
[Result "0-1"]
[WhiteCountry "ROU"]
[BlackCountry "PER"]
[WhiteElo "1635"]
[WhiteRD "63"]
[BlackElo "1689"]
[BlackRD "61"]
[GameID "158204"]

1. e4 e5 2. f4 exf4 3. Bd3 Qh4+ 4. Kf1 Bc5 5. Qe2 d6 6. Nf3 Qf6 7. Nc3 Bg4 8. Nd5 Qd8 9. h3 Bh5 10. Nxf4 Bxf3
11. Qxf3 Nf6 12. b4 Bb6 13. Bb2 Nc6 14. Bc4 O-O 15. Nd5 Nxd5 16. Bxd5 Qg5 17. Bxc6 bxc6 18. Qc3 Qf4+ 19. Ke1 Qxe4+ 20. Kf1 Qf4+
21. Qf3 Qxd2 22. Qg4 Qf2#
0-1

[Event "Gourmets of the King's Gambit "]
[Site "SchemingMind.com"]
[Date "2008.06.06"]
[Round "-"]
[White "matizccc"]
[Black "Clive Everill"]
[Result "0-1"]
[WhiteCountry "ROU"]
[BlackCountry "CZE"]
[WhiteElo "1635"]
[WhiteRD "63"]
[BlackElo "1684"]
[BlackRD "48"]
[GameID "158205"]

1. e4 e5 2. f4 exf4 3. Bd3 Bc5 4. Nf3 Nf6 5. Qe2 O-O 6. Nc3 Re8 7. a3 d5 8. e5 Nh5 9. b4 Bb6 10. Bb2 Bg4
11. O-O-O Bd4 12. Qf1 Bxf3 13. Qxf3 Rxe5 14. g4 Nf6 15. Qxf4 Nc6 16. Na4 Bxb2+ 17. Nxb2 Qd6 18. Rhf1 Qe7 19. h3 Re8 20. b5 Nb8
21. h4 Nbd7 22. g5 Nh5 23. Qf3 g6 24. Na4 Rf8 25. Nc3 c6 26. bxc6 bxc6 27. Rf2 f6 28. Qg4 fxg5 29. Rxf8+ Nxf8 30. Nb1 Qe6
31. Qd4 gxh4 32. Qxa7 Re1 33. Qf2 Rxd1+ 34. Kxd1 Ng3 35. Nc3 Qd6 36. Nb1 Ne6 37. Qf6 g5 38. Nc3 Qd7 39. Ne2 Nxe2 40. Kxe2 Nf4+
41. Kd1 Qg4+ 42. Kc1 Qg1+ 43. Kb2 Nxd3+ 44. cxd3 h3 45. Qxc6 Qd4+
0-1

[Event "Gourmets of the King's Gambit "]
[Site "SchemingMind.com"]
[Date "2008.06.07"]
[Round "-"]
[White "matizccc"]
[Black "lemmie"]
[Result "1-0"]
[WhiteCountry "ROU"]
[BlackCountry "NED"]
[WhiteElo "1678"]
[WhiteRD "66"]
[BlackElo "1745"]
[BlackRD "51"]
[GameID "158206"]

1. e4 e5 2. f4 exf4 3. Qg4 Nc6 4. Bb5 Nd4 5. Bd3 g5 6. h4 Be7 7. hxg5 Bxg5 8. Qh5 h6 9. Nf3 Nxf3+ 10. Qxf3 Qe7
11. Nc3 Nf6 12. Be2 d6 13. d3 Bg4 14. Qf1 Qe5 15. Bxg4 Nxg4 16. Nd5 O-O-O 17. Bxf4 Qxb2 18. Kd2 Qg7 19. Qf3 Ne5 20. Qh3+ Kb8
21. Raf1 c6 22. Ne3 Bxf4 23. Rxf4 d5 24. exd5 cxd5 25. c3 Qg6 26. Qf5 Rde8 27. Qxg6 fxg6 28. Nxd5 g5 29. Rf5 Re6 30. Rxg5 Rf8
31. Rg7 a6 32. Rb1 Rf2+ 33. Ke3 Rf7 34. Rxf7 Nxf7+ 35. Kf2 Ne5 36. Nf4 Rf6 37. Kg3 Rd6 38. d4 Nc4 39. Re1 Nd2 40. Re2 Nb1
41. Re3 Nd2 42. Re8+ Ka7 43. Kg4 Nc4 44. Kf5 Rb6 45. Re2 Nd6+= 46. Ke5 Nf7+ 47. Kd5 Rc6 48. c4 Rd6+ 49. Ke4 Rc6 50. c5 b6
51. Kd5 Nd8 52. Re7+ Kb8 53. Rd7 bxc5 54. Rxd8+ Kc7 55. Ne6+ Kb7 56. Rd7+ Kb6 57. dxc5+
1-0

[Event "Gourmets of the King's Gambit "]
[Site "SchemingMind.com"]
[Date "2008.06.07"]
[Round "-"]
[White "Raimondi"]
[Black "matizccc"]
[Result "1-0"]
[WhiteCountry "PER"]
[BlackCountry "ROU"]
[WhiteElo "1689"]
[WhiteRD "61"]
[BlackElo "1635"]
[BlackRD "63"]
[GameID "158207"]

1. e4 e5 2. f4 Nc6 3. Nf3 d6 4. Bc4 Nf6 5. Nc3 exf4 6. d4 Be7 7. Bxf4 Bg4 8. O-O Bxf3 9. Rxf3 O-O 10. Qd2 a6
11. a3 b5 12. Ba2 b4 13. Nd5 Nxe4 14. Qe3 f5 15. Nxe7+ Kh8 16. Nxc6 Qe8 17. Nxb4 Nf6 18. Re1 Qxe3+ 19. Rfxe3 a5 20. Nd3 Nh5
21. Re7 Nxf4 22. Nxf4 c6 23. Ne6 Rfe8 24. Nxg7
1-0

[Event "Gourmets of the King's Gambit "]
[Site "SchemingMind.com"]
[Date "2008.06.07"]
[Round "-"]
[White "Clive Everill"]
[Black "matizccc"]
[Result "1/2-1/2"]
[WhiteCountry "CZE"]
[BlackCountry "ROU"]
[WhiteElo "1684"]
[WhiteRD "48"]
[BlackElo "1635"]
[BlackRD "63"]
[GameID "158208"]

1. e4 e5 2. f4 Nc6 3. Nf3 d6 4. Bb5 Bg4 5. Bxc6+ bxc6 6. O-O Nf6 7. d3 Bxf3 8. Qxf3 exf4 9. Bxf4 Be7 10. Nd2 O-O
11. e5 Nd5 12. Bg3 Bh4 13. exd6 cxd6 14. Ne4 Bxg3 15. Qxg3 Nb4 16. Qxd6 Qxd6 17. Nxd6 Nxc2 18. Rac1 Rad8 19. Rxc2 Rxd6 20. Rf3 Rfd8
21. Rd2= c5 22. b3 a5 23. Re3 h6 24. h3=
1/2-1/2

[Event "Gourmets of the King's Gambit "]
[Site "SchemingMind.com"]
[Date "2008.06.07"]
[Round "-"]
[White "lemmie"]
[Black "matizccc"]
[Result "1-0"]
[WhiteCountry "NED"]
[BlackCountry "ROU"]
[WhiteElo "1745"]
[WhiteRD "51"]
[BlackElo "1678"]
[BlackRD "66"]
[GameID "158209"]

1. e4 e5 2. f4 Nc6 3. Nf3 d6 4. d3 Bg4 5. Be2 Bxf3 6. Bxf3 Qh4+ 7. g3 Qf6 8. Nc3 Nd4 9. Nd5 Qd8 10. c3 exf4
11. cxd4 Nf6 12. Nxf6+ Qxf6 13. Qb3 Rb8 14. Qa4+ c6 15. Qxa7 Qd8 16. Bxf4 Be7 17. O-O O-O 18. a3 d5 19. Bxb8 Qxb8 20. Qxb8 Rxb8
21. e5 Bd8 22. b4 Bb6 23. Rac1 Bxd4+ 24. Kg2 Ra8 25. b5 Kf8 26. bxc6 bxc6 27. Rxc6 f6 28. Bxd5 Ra5 29. Bc4 Bxe5 30. Rb1 Ra7
31. a4 g6 32. a5 Ke8 33. a6 Kd7 34. Re6 Bd4 35. Rb7+ Rxb7 36. axb7 Kc7 37. Re7+ Kd6 38. Rxh7 Be5 39. b8=Q+ Kc5 40. Qb5+ Kd4
41. Rh4+
1-0

[Event "Gourmets of the King's Gambit "]
[Site "SchemingMind.com"]
[Date "2008.06.06"]
[Round "-"]
[White "Francisco Aquino"]
[Black "Raimondi"]
[Result "1/2-1/2"]
[WhiteCountry "BRA"]
[BlackCountry "PER"]
[WhiteElo "1692"]
[WhiteRD "67"]
[BlackElo "1689"]
[BlackRD "61"]
[GameID "158214"]

1. e4 e5 2. f4 exf4 3. Nf3 g5 4. Nc3 Bg7 5. Bc4 Nc6 6. O-O d6 7. d4 Bd7 8. Re1 Qe7 9. e5 O-O-O 10. exd6 Qxd6
11. Nxg5 Nh6 12. Bxf7 Qf6 13. Nce4 Qxd4+ 14. Qxd4 Bxd4+ 15. Kh1 Rhf8 16. Be6 Nf5 17. Bxd7+ Rxd7 18. Bxf4 Bxb2 19. Rab1 Ba3 20. Rb3 Bb4
21. c3 Be7 22. Ne6 Rg8 23. Reb1 b6 24. Nxc7 Rxc7 25. Bxc7 Kxc7 26. Rf1 Ne3 27. Rf2 Ne5 28. Re2 Nd5 29. Nd2 Nc6 30. c4 Nf4
31. Rf2=
1/2-1/2

[Event "Gourmets of the King's Gambit "]
[Site "SchemingMind.com"]
[Date "2008.06.07"]
[Round "-"]
[White "Francisco Aquino"]
[Black "Clive Everill"]
[Result "0-1"]
[WhiteCountry "BRA"]
[BlackCountry "CZE"]
[WhiteElo "1692"]
[WhiteRD "67"]
[BlackElo "1684"]
[BlackRD "48"]
[GameID "158215"]

1. e4 e5 2. f4 exf4 3. Nf3 d6 4. d4 g5 5. h3 Nc6 6. d5 Ne5 7. Nc3 Bg7 8. Bb5+ Bd7 9. Nxe5 Bxe5 10. Bd2 f6
11. Qh5+ Ke7 12. Bxd7 Qxd7 13. O-O-O h6 14. Qg6 Kd8 15. h4 Qe8 16. Qxe8+ Kxe8 17. Nb5 Kd7 18. hxg5 fxg5 19. Rh3 Nf6 20. Rdh1 Ng4
21. Be1 a6 22. Na3 b5 23. Nb1 Bg7 24. Nd2 a5 25. g3 fxg3 26. Rxg3 h5 27. Nf3 Bf6 28. Bd2 Nf2 29. Rf1 Nxe4 30. Rg2 Nxd2
31. Rxd2 g4
0-1

[Event "Gourmets of the King's Gambit "]
[Site "SchemingMind.com"]
[Date "2008.06.07"]
[Round "-"]
[White "Francisco Aquino"]
[Black "matizccc"]
[Result "0-1"]
[WhiteCountry "BRA"]
[BlackCountry "ROU"]
[WhiteElo "1681"]
[WhiteRD "68"]
[BlackElo "1678"]
[BlackRD "66"]
[GameID "158216"]

1. e4 e5 2. f4 Nc6 3. Nf3 d6 4. Bb5 Bd7 5. O-O Nf6 6. Re1 Be7 7. fxe5 Nxe5 8. Bxd7+ Nexd7 9. Nc3 O-O 10. d4 c6
11. Bf4 Nh5 12. Qd2 Nb6 13. b3 Bf6 14. e5 Nxf4 15. Qxf4 dxe5 16. dxe5 Be7 17. Rad1 Nd5 18. Nxd5 cxd5 19. c4 Qb6+ 20. Kh1 dxc4
21. Qxc4 Bb4 22. Re4 Bc5 23. e6 fxe6 24. Rxe6 Qb4 25. Qd5 Kh8 26. Re4 Qb6 27. Rc1 Ba3 28. Rb1 Rad8 29. Qh5 Qf2 30. Rh4 h6
31. Qg6 Rxf3 32. Rxh6+ Kg8 33. Qe6+ Rf7 34. Rh3 Rd2 35. Qe8+ Bf8 36. Rg1 Qxg1+ 37. Kxg1 Rd1+
0-1

[Event "Gourmets of the King's Gambit "]
[Site "SchemingMind.com"]
[Date "2008.06.06"]
[Round "-"]
[White "Francisco Aquino"]
[Black "lemmie"]
[Result "0-1"]
[WhiteCountry "BRA"]
[BlackCountry "NED"]
[WhiteElo "1692"]
[WhiteRD "67"]
[BlackElo "1755"]
[BlackRD "56"]
[GameID "158217"]

1. e4 e5 2. f4 exf4 3. Nf3 g5 4. Nc3 g4 5. Ne5 Qh4+ 6. Ke2 Nf6 7. d3 d6 8. Nc4 f3+ 9. gxf3 gxf3+ 10. Ke3 Ng4+
11. Kd4 Nc6+ 12. Kd5 Be6#
0-1

[Event "Gourmets of the King's Gambit "]
[Site "SchemingMind.com"]
[Date "2008.06.06"]
[Round "-"]
[White "Raimondi"]
[Black "Francisco Aquino"]
[Result "0-1"]
[WhiteCountry "PER"]
[BlackCountry "BRA"]
[WhiteElo "1689"]
[WhiteRD "61"]
[BlackElo "1692"]
[BlackRD "67"]
[GameID "158218"]

1. e4 e5 2. f4 Nc6 3. Nf3 d6 4. Bc4 Bg4 5. O-O Qd7 6. fxe5 Bxf3 7. Qxf3 Nxe5 8. Qb3 Nxc4 9. Qxc4 Nf6 10. d3 O-O-O
11. Nc3 h5 12. Bg5 h4 13. h3 Rh5 14. Bxf6 gxf6 15. Rxf6 Rg5 16. Kh1 Be7 17. Rxf7 Rdg8 18. Rf2 Rg3 19. Qf7 c6 20. Ne2 R3g7
21. Qh5 Rg5 22. Qf7 Rf8 23. Qxf8+ Bxf8 24. Rxf8+ Kc7 25. Raf1 Kb6 26. Nc3 Rg3 27. b4 Rxh3+= 28. Kg1 Rg3 29. a4 h3 30. R1f2 Qg4
0-1

[Event "Gourmets of the King's Gambit "]
[Site "SchemingMind.com"]
[Date "2008.06.08"]
[Round "-"]
[White "Clive Everill"]
[Black "Francisco Aquino"]
[Result "1-0"]
[WhiteCountry "CZE"]
[BlackCountry "BRA"]
[WhiteElo "1684"]
[WhiteRD "48"]
[BlackElo "1692"]
[BlackRD "67"]
[GameID "158219"]

1. e4 e5 2. f4 exf4 3. Nf3 Nc6 4. Bb5 Bc5 5. c3 d5 6. d4 dxe4 7. Bxc6+ bxc6 8. O-O exf3 9. Qxf3 Bd6 10. Qxc6+ Bd7
11. Qe4+ Qe7 12. Qxa8+ Bc8 13. Qxa7 Qh4 14. Rf3 Qe1+ 15. Rf1 Qh4= 16. Qa8 Ne7 17. Qf3 O-O 18. Bxf4 Bg4 19. Qg3 Qxg3 20. hxg3 Ra8
21. Bxd6 cxd6 22. Nd2 Nd5 23. Ne4 Ne3 24. Rf4 Be6 25. b3 Bxb3 26. Nxd6 Be6 27. Rf2 Ng4 28. Rf4 Ne3 29. Re4 Nc2 30. Rb1 h6
31. Rb2 Rxa2 32. Rxe6
1-0

[Event "Gourmets of the King's Gambit "]
[Site "SchemingMind.com"]
[Date "2008.06.09"]
[Round "-"]
[White "matizccc"]
[Black "Francisco Aquino"]
[Result "1-0"]
[WhiteCountry "ROU"]
[BlackCountry "BRA"]
[WhiteElo "1678"]
[WhiteRD "66"]
[BlackElo "1681"]
[BlackRD "68"]
[GameID "158220"]

1. e4 e5 2. f4 exf4 3. Qf3 Nf6 4. Qxf4 Nc6 5. Nh3 Bc5 6. Bc4 O-O 7. c3 d6 8. d4 Bb6 9. Be3 Re8 10. Ng5 Rf8
11. O-O Qe7 12. Bd3 h6 13. Nh3 Bxh3 14. gxh3 Rae8 15. Qg4 Nxg4 16. hxg4 Qh4 17. Nd2 Ne5 18. Bc2 Nxg4 19. Bf4 Nf6 20. Rae1 Nh5
21. Be3 c5 22. Re2 cxd4 23. cxd4 Ba5 24. Nf3 Qe7 25. Rg2 Rc8 26. e5 Qe6 27. Bb3 d5 28. Nh4 Bd8 29. Nf5 Bg5 30. Bxg5 hxg5
31. Bxd5 Qb6 32. Rxg5 Qxd4+ 33. Nxd4 Rcd8 34. Nf5 Rxd5 35. Ne7+
1-0

[Event "Gourmets of the King's Gambit "]
[Site "SchemingMind.com"]
[Date "2008.06.06"]
[Round "-"]
[White "lemmie"]
[Black "Francisco Aquino"]
[Result "1-0"]
[WhiteCountry "NED"]
[BlackCountry "BRA"]
[WhiteElo "1755"]
[WhiteRD "56"]
[BlackElo "1692"]
[BlackRD "67"]
[GameID "158221"]

1. e4 e5 2. f4 Nc6 3. Nf3 d6 4. d3 Bg4 5. Nc3 Nf6 6. Be2 exf4 7. Bxf4 Be7 8. O-O O-O 9. Nd5 Nxd5 10. exd5 Bxf3
11. Bxf3 Nd4 12. Bg4 Re8 13. c3 Nb5 14. a4 Nd4 15. cxd4 Bf6 16. Kh1 Bxd4 17. Rb1 c6 18. b4 Be3 19. Qf3 Bxf4 20. Qxf4 Re7
21. dxc6 bxc6 22. Bf3 Rc8 23. d4 d5 24. b5 cxb5 25. Rxb5 Rec7 26. Rxd5 Qe7 27. Re5 Qa3 28. Bd5 Rc1 29. Qxf7+ Kh8 30. Re8+
1-0

[Event "Gourmets of the King's Gambit "]
[Site "SchemingMind.com"]
[Date "2008.06.07"]
[Round "-"]
[White "Geoffrey Rosser"]
[Black "Raimondi"]
[Result "1-0"]
[WhiteCountry "ENG"]
[BlackCountry "PER"]
[WhiteElo "1775"]
[WhiteRD "74"]
[BlackElo "1689"]
[BlackRD "61"]
[GameID "158346"]

1. e4 e5 2. f4 exf4 3. Nf3 Be7 4. Bc4 d6 5. d4 Nf6 6. Nc3 Nc6 7. Bxf4 O-O 8. d5 Na5 9. Bd3 b6 10. b4 Nb7
11. Nd4 Qe8 12. Ncb5 Qd7 13. Nc6 Nd8 14. Nbxa7 Bb7 15. Nxe7+ Qxe7 16. Nb5 c6 17. dxc6 Nxc6 18. Bxd6 Qe6 19. Bxf8 Kxf8 20. Nc7
1-0

[Event "Gourmets of the King's Gambit "]
[Site "SchemingMind.com"]
[Date "2008.06.07"]
[Round "-"]
[White "Geoffrey Rosser"]
[Black "Clive Everill"]
[Result "1-0"]
[WhiteCountry "ENG"]
[BlackCountry "CZE"]
[WhiteElo "1775"]
[WhiteRD "74"]
[BlackElo "1684"]
[BlackRD "48"]
[GameID "158347"]

1. e4 e5 2. f4 exf4 3. Bc4 Qh4+ 4. Kf1 Bc5 5. d4 Be7 6. Nf3 Qf6 7. Nc3 d6 8. e5 dxe5 9. Nd5 Qd6 10. Nxe5 Be6
11. Qf3 c6 12. Nxe7 Bxc4+ 13. Nxc4 Qxd4 14. Nf5 Qxc4+ 15. Qe2+ Qxe2+ 16. Kxe2 Nf6 17. Nd6+ Kd7 18. Rd1 Ke6 19. Nxb7 Nd5 20. c4 f3+
21. Kxf3 Nb4 22. Rd6+ Ke7 23. Bg5+ f6 24. Re1+ Kf7 25. Bd2 N4a6 26. Nd8+ Kg6 27. Nxc6 Nxc6 28. Rxc6 Nb8 29. Rd6 a5 30. Re7 a4
31. g4 h6 32. h4 Rc8 33. h5+ Kh7 34. Rxf6 Kg8 35. Rg6 Nc6 36. Rgxg7+ Kf8 37. Ref7+ Ke8 38. Ke4 Nd8 39. Re7+ Kf8 40. Bxh6 Rxc4+
41. Kf3 Nc6 42. Rh7+
1-0

[Event "Gourmets of the King's Gambit "]
[Site "SchemingMind.com"]
[Date "2008.06.09"]
[Round "-"]
[White "Geoffrey Rosser"]
[Black "matizccc"]
[Result "1/2-1/2"]
[WhiteCountry "ENG"]
[BlackCountry "ROU"]
[WhiteElo "1799"]
[WhiteRD "73"]
[BlackElo "1656"]
[BlackRD "66"]
[GameID "158348"]

1. e4 e5 2. f4 exf4 3. Nf3 Nf6 4. d4 Bb4+ 5. c3 Bd6 6. e5 Qe7 7. Qe2 O-O 8. exd6 Qxd6 9. Ne5 Re8 10. Bxf4 Qe6
11. Kd1 d6 12. Nf3 Qxe2+ 13. Bxe2 Ng4 14. Kd2 Nf6 15. Bd3 Nc6 16. Na3 Bg4 17. Nb5 Rac8 18. Rhe1 Bxf3 19. Rxe8+ Nxe8 20. gxf3 a6
21. Na3 Nf6 22. Rg1 Nh5 23. Bh6 Kf8 24. Bxh7 Ne7 25. Be3 g6 26. Bh6+ Ke8 27. Bg5 Kd7 28. Bxe7 Kxe7 29. Bxg6 fxg6 30. Rxg6 Rh8
31. Nc4 Nf4 32. Rg7+ Ke6 33. h4 Rxh4 34. Kc2 Rh2+ 35. Kb3 Nd3 36. a4 b5 37. axb5 axb5 38. Na5 Rxb2+ 39. Ka3 c5 40. dxc5 dxc5
41. Rg3 b4+ 42. cxb4 cxb4+ 43. Ka4 Rc2 44. Rg6+ Kd5 45. Rg5+ Kd4 46. f4 Rf2 47. f5 Kc3 48. Rg3 Rxf5 49. Rxd3+ Kxd3 50. Kxb4 Ke4
51. Nc4= Rd5 52. Nb6 Rg5 53. Kc4 Rg8 54. Kc5 Rf8 55. Kc4 Rd8 56. Kc5 Rd3 57. Kc4 Rd6 58. Kc5 Rg6 59. Nd7 Ra6 60. Kb5 Rd6
61. Nc5+ Kd4 62. Nb7 Re6=
1/2-1/2

[Event "Gourmets of the King's Gambit "]
[Site "SchemingMind.com"]
[Date "2008.06.07"]
[Round "-"]
[White "Geoffrey Rosser"]
[Black "lemmie"]
[Result "0-1"]
[WhiteCountry "ENG"]
[BlackCountry "NED"]
[WhiteElo "1775"]
[WhiteRD "74"]
[BlackElo "1755"]
[BlackRD "56"]
[GameID "158349"]

1. e4 e5 2. f4 exf4 3. Bc4 Qh4+ 4. Kf1 Nf6 5. Nf3 Qh5 6. d3 Qh6 7. Ne5 d5 8. exd5 Bd6 9. Qe2 O-O 10. Nc3 Re8
11. d4 Nbd7 12. Ng4 Qg5 13. Nxf6+ Nxf6 14. h4 Qh6 15. Qf3 Bg4 16. Qf2 Nh5 17. g3 Nxg3+ 18. Qxg3 fxg3 19. Bxh6 gxh6 20. Kg2 f5
21. Rae1 f4 22. Ne4 f3+ 23. Kg1 Kg7 24. Bd3 g2 25. Rh2 f2+ 26. Kxf2 Bxh2 27. Kxg2 Bd6 28. Rf1 Rf8
0-1

[Event "Gourmets of the King's Gambit "]
[Site "SchemingMind.com"]
[Date "2008.06.08"]
[Round "-"]
[White "Geoffrey Rosser"]
[Black "Francisco Aquino"]
[Result "1/2-1/2"]
[WhiteCountry "ENG"]
[BlackCountry "BRA"]
[WhiteElo "1798"]
[WhiteRD "71"]
[BlackElo "1681"]
[BlackRD "68"]
[GameID "158350"]

1. e4 e5 2. f4 exf4 3. Bc4 Qh4+ 4. Kf1 Nf6 5. Nf3 Qh5 6. d4 d6 7. Nc3 Bg4 8. Be2 Be7 9. Bxf4 Nbd7 10. e5 dxe5
11. dxe5 Ng8 12. Qd5 O-O-O 13. Qa5 Nh6 14. Nb5 Nb6 15. Nxa7+ Kb8 16. Nb5 Qf5 17. Bg3 Qxc2 18. Bf2 Bc5 19. Bxc5 Qxc5 20. Qc3 Qxc3
21. Nxc3 Nf5 22. Kf2 Bxf3 23. gxf3 Rd2 24. b3 Re8 25. f4 g5 26. Ne4 Rd4 27. Kf3 g4+ 28. Kxg4 Rxe4 29. Bd3 Nh6+ 30. Kg5 Re3
31. Bxh7 Rh3 32. Be4 Ng8 33. Bf5 Rh6 34. Rad1 f6+ 35. exf6 Rxf6 36. Bh7 Rff8 37. Rhe1 Ne7=
1/2-1/2

[Event "Gourmets of the King's Gambit "]
[Site "SchemingMind.com"]
[Date "2008.06.07"]
[Round "-"]
[White "Raimondi"]
[Black "Geoffrey Rosser"]
[Result "0-1"]
[WhiteCountry "PER"]
[BlackCountry "ENG"]
[WhiteElo "1689"]
[WhiteRD "61"]
[BlackElo "1775"]
[BlackRD "74"]
[GameID "158351"]

1. e4 e5 2. f4 Qh4+ 3. g3 Qh6 4. Nf3 exf4 5. d4 g5 6. gxf4 gxf4 7. Nc3 Ne7 8. Qe2 a6 9. Bd2 Nbc6 10. O-O-O d6
11. Qf2 Bg4 12. Be2 O-O-O 13. Ne1 Bxe2 14. Nxe2 Ng6 15. Nxf4 Nxf4 16. Bxf4 Qe6 17. Nf3 Qxa2 18. Nd2 Bg7 19. Nb3 Rde8 20. Rhe1 Na5
21. Nxa5 Qa1+ 22. Kd2 Qxa5+ 23. c3 Qa2 24. Rb1 Rxe4 25. Kc2 Rxe1 26. Qxe1 Qa4+ 27. Kd2 Bxd4 28. Qf1 Be5 29. Bxe5 dxe5 30. Qxf7 Qd7+
31. Qxd7+ Kxd7 32. Rg1 Re8 33. Ke3 Kd6 34. Rg7 h6
0-1

[Event "Gourmets of the King's Gambit "]
[Site "SchemingMind.com"]
[Date "2008.06.07"]
[Round "-"]
[White "Clive Everill"]
[Black "Geoffrey Rosser"]
[Result "0-1"]
[WhiteCountry "CZE"]
[BlackCountry "ENG"]
[WhiteElo "1729"]
[WhiteRD "48"]
[BlackElo "1798"]
[BlackRD "71"]
[GameID "158352"]

1. e4 e5 2. f4 exf4 3. Nf3 h6 4. d4 g5 5. h4 Bg7 6. hxg5 hxg5 7. Rxh8 Bxh8 8. Nc3 d6 9. Qd3 Nc6 10. Bd2 g4
11. Ng1 Qh4+ 12. g3 fxg3 13. O-O-O Nxd4 14. Bf4 Qh2 15. Nce2 Qf2 16. Bxg3 Nxe2+ 17. Bxe2 Qb6 18. b3 Bd7 19. e5 Qa5 20. Qh7 O-O-O
21. Qxh8 Qc3 22. Qh2 Bf5 23. Bd3 Qa1+ 24. Kd2 Qd4 25. exd6 Bxd3 26. cxd3 Nf6 27. Kc2 Nd5 28. Bf2 Qc3+ 29. Kb1 Rxd6 30. Ne2 Qa5
31. Qh8+ Rd8 32. Qg7 Nb4 33. a4 Qf5 34. Bg3 Nxd3 35. Nd4 Qe4 36. Nc2 Qf3 37. Rg1 Nc5 38. Qb2 Nxb3 39. Qe5 Qc6 40. Qf5+ Kb8
41. Qxg4 Nd2+ 42. Kc1 Qb6 43. Bxc7+ Kxc7 44. Nb4 Qc5+ 45. Kb2 Nc4+ 46. Kb3 Na5+ 47. Ka2 Rd4 48. Qg3+ Kb6 49. Qf2 Qc4+ 50. Ka1 Qc3+
51. Ka2 Qb3+ 52. Ka1 Qxa4+ 53. Na2 Ka6 54. Qf1+ Nc4 55. Qf6+ Rd6 56. Qf1 Qb3 57. Qb1 Qxb1+ 58. Kxb1 f5 59. Nc3 Rf6 60. Kc2 b6
61. Ra1+ Kb7 62. Nb5 a5 63. Re1 Kc6 64. Nd4+ Kd5 65. Nb5 f4 66. Nc3+ Kc6 67. Kd3 b5 68. Rb1 Rd6+ 69. Ke2 b4 70. Nd1 Kc5
71. Rc1 b3 72. Kf3 Kb4 73. Kxf4 a4 74. Nc3 b2 75. Na2+ Kb3
0-1